| 000 | 01364cam a2200349 a 4500 | ||
|---|---|---|---|
| 001 | 13756110 | ||
| 005 | 20161007183020.0 | ||
| 008 | 041020s2004 nyub 000 1 eng d | ||
| 010 | _a 2004303493 | ||
| 020 | _a0-345-46134-7 | ||
| 035 | _a(OCoLC)ocm56637102 | ||
| 040 |
_aJRS _cJRS _dDLC |
||
| 042 | _alccopycat | ||
| 043 | _ae------ | ||
| 050 | 0 | 0 |
_aPS3569.H18 _bT6 2004b |
| 082 | 0 | 0 |
_aDC 813.5422 _22004 _bSh1t |
| 100 | 1 |
_aShaara, Jeff, _d1952- |
|
| 245 | 1 | 0 |
_aTo the last man : _ba novel of the First World War / _cJeff Shaara. |
| 250 | _a1st ed. | ||
| 260 |
_aNew York : _bBallantine Books, _c2004. |
||
| 300 |
_axxix, 636 pages : _bmaps ; _c24 cm. |
||
| 650 | 0 |
_aWorld War, 1914-1918 _vFiction. |
|
| 650 | 0 |
_aAmericans _zEurope _vFiction. |
|
| 650 | 0 |
_aBritish _zEurope _vFiction. |
|
| 655 | 7 |
_aWar stories. _2gsafd |
|
| 856 | 4 | 2 |
_3Contributor biographical information _uhttp://www.loc.gov/catdir/bios/random056/2004303493.html |
| 856 | 4 | 1 |
_3Sample text _uhttp://www.loc.gov/catdir/samples/random051/2004303493.html |
| 856 | 4 | 2 |
_3Publisher description _uhttp://www.loc.gov/catdir/description/random051/2004303493.html |
| 906 |
_a7 _brix _ccopycat _d2 _encip _f20 _gy-gencatlg |
||
| 942 |
_2ddc _cDC |
||
| 999 |
_c5061 _d5061 |
||